banner-ar

القطع التعليمية الالكتونية التصمصم و الانتاج : (Record no. 62278)

MARC details
000 -الفاتح
حقل البيانات ثابتة الطول 01240nam a22002657a 4500
005 - وقت وتاريخ اخر تعامل مع التسجيلة
رقم الضبط 20240530110542.0
008 - عناصر البيانات ثابتة الطول - معلومات عامة
حقل البيانات ثابتة الطول 150627s2013 jo dk g b 000 0 ara d
017 ## - رقم الايداع القانونى
رقم الايداع القانونى 2012/10/3959
040 ## - مصدر الفهرسة
وكالة الفهرسة الأصلية EG-CaGPL
082 04 - رقم تصنيف ديوى العشرى
رقم الطبعة 21
رقم التصنيف 371.334\
رقم المادة م ق
100 0# - المدخل الرئيسى - إسم شخصى
الإسم الشخصى مصطفى عودة جويفل
245 12 - بيان العنوان
العنوان القطع التعليمية الالكتونية التصمصم و الانتاج :
بقية العنوان برنامج تدريبى لتصميم القطع التعليمية الالكترونية و انتاجها وفق منحى النظم باستخدام برنامج فلاش /
بيان المسئوليه,etc مصطفى عودة جويفل ؛ تقديم حارث عبود
246 ## - العنوان الموازى
عنوان صحيح/عنوان مختصر ELECTRONIC LEARNING OBJECTS DESIGN & CREATION
250 ## - بيان الطبعة
بيان الطبعة ط1
260 ## - PUBLICATION, DISTRIBUTION, ETC. (IMPRINT)
تاريخ النشر أو التوزيع 2013 .
300 ## - الوصف المادى
التعداد 414 ص :
تفاصيل ماديه اخرى للوعاء ايض ؛
أبعاد الوعاء 24 سم
504 ## - تبصرة ببليوجرافية
تبصرة ببليوجرافية,الخ ببليوجرافية : ص 403 - 414
650 04 - المدخل الاضافى بالموضوع-مصطلح موضوعى
مصطلح موضوعي الحاسبات الالكترونية
650 04 - المدخل الاضافى بالموضوع-مصطلح موضوعى
مصطلح موضوعي برامج الحاسبات
650 04 - المدخل الاضافى بالموضوع-مصطلح موضوعى
مصطلح موضوعي الحاسبات الالكترونية
التقسيم الفرعي العام تصميم
650 04 - المدخل الاضافى بالموضوع-مصطلح موضوعى
مصطلح موضوعي المعلومات
التقسيم الفرعي العام علم
700 0# - المدخل الاضافى - اسم شخصى
الإسم الشخصى حارث عبود
الدور مقدم
942 ## - عناصر المدخل الإضافي( كوها)
مصدر التصنيف او مخطط الترفيف Dewey Decimal Classification
Koha [default] item type كتاب
260 ## - PUBLICATION, DISTRIBUTION, ETC. (IMPRINT)
-- عمان :
-- دار المسيرة للنشر والتوزيع و الطباعة ،
Holdings
حالة التراجع حالة الفقد حالة تلف ليس للاعارة المكان المؤقت الموقع الحالى تاريخ الاكتساب اجمالي اﻻعارات رقم الطلب الباركود تاريخ اخر مشاهدة تاريخ تفعيل السعر نوع وعاء كوها
        مكتبة القاهرة الكبرى مكتبة القاهرة الكبرى 05/14/2016   371.334\ م ق 161952 05/14/2016 05/14/2016 كتاب

Powered By

EGPV